000 00616nam a2200253Ia 4500
005 20260121114114.0
008 008 260114s9999 xx 000 0 eng d
020 _a9780891183235
037 _aEBOOK
040 _aCRL
040 _beng
040 _cCRL
041 _2eng
041 _aeng
084 _qCRL
100 _aPeter G. Hartel
_9970918
245 0 _aAgricultural Ethics - Issues for the 21 st Century
260 _bWiley
260 _c2020
856 _uhttps://onlinelibrary.wiley.com/doi/book/10.2134/asaspecpub57
942 _cEBOOK
999 _c1550173
_d1550173